01321nam a2200325 a 4500001001000000003000500010005001700015008004100032010001100073011001100084040000900095090001000104100004400114245014700158260005200305500006000357502009600417590004100513590004000554590004000594650003800634650003800672650004200710856007000752901000700822942001000829942000600839999001900845952013100864000115398CHAP20220329144533.0190517s2018 mx a |sm |||||||spa d a111859 a112831 cCHAP aTesis1 aRodríguez González, Israel.913565810aConteo de especies de fauna silvestre muertas y vivas en canales de riego en Poanas, Durangoh[En línea]cpor Israel Rodríguez González. aBermejillo, Durango, Méx. :bEl autor,c2018. aPara ver el contenido del material haga clic en la liga aTesis (Ing. en Sistemas Pecuarios) -- UACH. Unidad Regional Universitaria de Zonas Áridas aBATCH-UPDb05c20190517lUCH01h1252 aE6339RRRb05c20190517lUCH01h1251 aE6339RRRb05c20190517lUCH01h125114aAvesxHábitos y conducta.9861114aFauna silvestrezDurango.913565914aHidrologíaxMapaszMéxico.955266 aFinding aiduhttp://10.13.5.2/tesis/sist115398.pdfzTeclea aquí aBK cTESIS n0 c111859d111859 00104054718TESISaBCbBCd2019-05-17fTESISl0oTesisp115408-10r2019-12-31 00:00:00w2019-12-31yTESISzRecien adquirido